Liedtext: Spongebob Schwammkopf - FUN - Statistiken

Allgemein
  • Dieses Quiz wurde 425 mal gespielt
  • Das Durchschnittsergebnis liegt bei 79 aus 101
Antwortstatistiken
Antwort % Korrekt
N
99%
F
98%
U
98%
für
97%
steht
97%
die
96%
Freunde,
96%
mich,
95%
und
95%
was
95%
dich
94%
unternehmen,
94%
uns
93%
wir
86%
haben
82%
Spaß
82%
endlich
81%
mal
80%
freundschaftlich.
78%
ganz
78%
friedlich
72%
Feuer,
71%
nukleares
71%
Waffenarsenal
70%
das
69%
lodert,
62%
Kampf,
52%
wütet
47%
mit
44%
unfairen
42%
ich
41%
Naseweis
40%
bei
37%
mach
37%
Scheiß
37%
jedem
36%
Ukulele,
33%
Freude
32%
den
28%
aus
26%
dem...
26%
lache
26%
all
25%
an
25%
Seele.
25%
tiefster
24%
Blumen,
23%
schönen
23%
Keine übereinstimmenden Quizze gefunden
Verteilung der Resultate
Anzahl Personen mit jedem Resultat
Perzentil nach korrekt beantworteten Fragen
Ihre Resultats-Entwicklung
Sie haben dieses Quiz noch nicht gespielt